La ciudad de Durango : notas de arte /
Historia del arte de Durango, ciudad que tiene tantos elementos coloniales como de la época porfiriana. No domina más la arquitectura barroca del virreinato que la europeizante de la dictadura.
Uloženo v:
| Hlavní autor: | |
|---|---|
| Médium: | Kniha |
| Jazyk: | španělština |
| Témata: | |
| Tagy: |
Žádné tagy, Buďte první, kdo vytvoří štítek k tomuto záznamu!
|
MARC
| LEADER | 00000nam^a2200000^a^4500 | ||
|---|---|---|---|
| 001 | 000125266 | ||
| 005 | 20250521000000.0 | ||
| 009 | 20260310094643.323 | ||
| 037 | |a Acervo ITESO - Biblioteca | ||
| 041 | |a ESP | ||
| 082 | |a 709. 7215 |b MAZ | ||
| 100 | |a Maza Cuadra, Francisco de la |e (autor) | ||
| 245 | 1 | 3 | |a La ciudad de Durango : |b notas de arte / |c F. de la Maza. |
| 264 | |a México : |b Sociedad Mexicana de Geografía y Estadística, |c 1948 | ||
| 300 | |a 1 v. (varias paginaciones) | ||
| 336 | |a texto |b txt |2 rdacontenido | ||
| 337 | |a sin mediación |b n |2 rdamedio | ||
| 338 | |a volumen |b nc |2 rdasoporte | ||
| 520 | |a Historia del arte de Durango, ciudad que tiene tantos elementos coloniales como de la época porfiriana. No domina más la arquitectura barroca del virreinato que la europeizante de la dictadura. | ||
| 649 | |a XX | ||
| 650 | |a Arquitectura Barroca - |z Durango | ||
| 650 | |a Arquitectura Neoclásica - |z Durango | ||
| 650 | |a Arquitectura Virreinal - |z Durango | ||
| 650 | |a Arquitectura Mexicana | ||
| 650 | |a Escultura Mudéjar - |z Durango | ||
| 650 | |a Escultura Barroca - |z Durango | ||
| 650 | |a Escultura Virreinal - |z Durango | ||
| 650 | |a Escultura Mexicana | ||
| 650 | |a Grabado - |z Durango - |x Historia | ||
| 650 | |a Grabado - |z México - |x Historia y Crítica | ||
| 650 | |a Pintura Mexicana | ||
| 650 | |a Arte Barroco - |x Historia y Crítica | ||
| 650 | |a Arte Neoclásico - |x Historia y Crítica | ||
| 650 | |a Arte Virreinal - |x Historia y Crítica | ||
| 650 | |a Arte Mudéjar - |x Historia y Crítica | ||
| 650 | |a Arte Mexicano - |x Historia y Crítica | ||
| 650 | |a Durango - |x Historia | ||
| 650 | |a México - |x Historia | ||
| 910 | |a Fondo Salvador Reynoso Reynoso | ||
| 920 | |a Impresos - Libros | ||
| 930 | |a Fondos Especiales | ||
| 905 | |a 112 | ||
| 901 | |a 0800007931 |b IT2 |c ESP |u 20250521 | ||
| 902 | |a https://opac.biblio.iteso.mx/vufind/Record/000125266 | ||